000 00860nam a22001337a 4500
040 _cRUA
082 _aAGR KEO 2021 B1-586 Or.
100 _aKEO SETHYKA,កែវ សិទ្ធិកា
245 _aEFFECTS OF ANAEROBIC SOIL DISINFESTATION CARBON SOURCES ON BATERIAL WILT (Ralstonia solanacearum) ON TOMATO,ឥទ្ធិពលនៃប្រភពកាបូនក្នុងការកាត់បន្ថយមេរោគដែលមិនត្រូវការអុកស៊ីសែនទៅលើជំងឺបាក់តេរីស្រពោនស្លឹកស្រស់(Ralstonia solanacearum)ទៅលើដំណាំប៉េងប៉ោះ
260 _aphnom penh
_brua
_c2021
300 _aix.29p.
_bill.
_c29cm.
856 _uhttps://drive.google.com/file/d/1wdmjpHDSnYmt73ggo_n_1oXhAXaN1p7a/view?usp=sharing
942 _cAGR
999 _c22691
_d22691